[Event "Goch op 18th"]
[Site "Goch"]
[Date "2007.10.04"]
[Round "1"]
[White "Pulvermueller, Philipp"]
[Black "Ebeling, Jens"]
[Result "0-1"]
[WhiteElo "1555"]
[BlackElo "2066"]
[PlyCount "40"]
[EventDate "2007.10.04"]
[EventType "swiss"]
[EventRounds "7"]
[EventCountry "GER"]
[SourceTitle "EXT 2011"]
[Source "ChessBase"]
[SourceDate "2010.11.26"]
[SourceVersion "1"]
[SourceVersionDate "2010.11.26"]
[SourceQuality "1"]

1. d4 Nf6 2. c4 g6 3. Nf3 Bg7 4. Nc3 0-0 5. e3 d6 6. Be2 Nbd7 7. 0-0 e5 8. dxe5 dxe5 9. Qc2 c6 10. Rd1 Qe7 11. e4 h6 12. h3 Nh5 13. Nh2 Nf4 14. Ng4 Nc5 15. Bxf4 exf4 16. f3 Bxg4 17. hxg4 Rad8 18. Rxd8 Rxd8 19. Nd1 Bd4+ 20. Nf2 Qh4 0-1